| Tag |
First Indicator |
Second Indicator |
Subfields |
| LEADER |
00000cam a2200000 4500 |
| 001 |
in00000068982 |
| 005 |
20151008050855.0 |
| 008 |
751105s1949 cou 00000 eng |
| 010 |
|
|
|a 49001862
|
| 035 |
|
|
|a (OCoLC)01809514
|
| 035 |
|
|
|9 AAG3966AM
|
| 040 |
|
|
|a DLC
|c OUN
|d TXA
|d UtOrBLW
|
| 049 |
|
|
|a TXAM
|c [169722]
|
| 050 |
0 |
0 |
|a JX1245
|b .D4 1949
|
| 092 |
|
|
|a 341
|b D416f
|
| 110 |
2 |
|
|a University of Denver.
|b Social Science Foundation.
|
| 245 |
1 |
0 |
|a Foundations for world order.
|
| 264 |
|
1 |
|a [Denver] :
|b Univ. of Denver Press,
|c 1949.
|
| 300 |
|
|
|a 174 pages ;
|c 24 cm.
|
| 336 |
|
|
|a text
|b txt
|2 rdacontent
|
| 337 |
|
|
|a unmediated
|b n
|2 rdamedia
|
| 338 |
|
|
|a volume
|b nc
|2 rdacarrier
|
| 500 |
|
|
|a Seven addresses, also issued separately by the foundation in its series: Foundations for world order; twentieth anniversary lecture series.
|
| 505 |
0 |
|
|a The historical and political foundations for world order, by E. L. Woodward.--The scientific foundations for world order, by J. R. Oppenheimer.--The moral foundations for world order, by E. H. Carr.--The economic foundations for world order, by W. E. Rappard.--The constitutional foundations for world order, by R. M. Hutchins.--Dependent peoples and world order, by F. B. Sayre.--National power and world order, by E. M. Earle.--Suggestions for further reading (p. 167-174)
|
| 650 |
|
0 |
|a International relations.
|
| 650 |
|
0 |
|a International organization.
|
| 999 |
|
|
|a MARS
|
| 999 |
f |
f |
|s ff1b3066-8123-3d64-99e5-305fd3b0b162
|i ee92d1f0-fb16-3f40-bd45-8cd5f40dd71e
|t 0
|
| 952 |
f |
f |
|p ric
|a Texas A&M University
|b Rellis Campus
|c Joint Library Facility
|d Remote Storage
|t 0
|e JX1245 .D4 1949
|h Library of Congress classification
|i unmediated -- volume
|m A14800780827
|
| 998 |
f |
f |
|a JX1245 .D4 1949
|t 0
|l Remote Storage
|